|
|
|
|
| LEADER |
01733nam a2200481 a 4500 |
| 001 |
000024814 |
| 003 |
CZ BrMZK |
| 005 |
20241014101314.0 |
| 008 |
950707s1992 xr g facze d |
| 015 |
|
|
|a cnb000072292
|
| 020 |
|
|
|a 80-85570-14-9
|
| 035 |
|
|
|a (OCoLC)28079583
|
| 040 |
|
|
|a BOA001
|b cze
|
| 043 |
|
|
|a e-cs---
|
| 045 |
|
|
|a x4x5
|
| 072 |
|
7 |
|a 821.162.3-3
|x Česká próza
|2 Konspekt
|9 25
|
| 072 |
|
7 |
|a 929
|x Biografie
|2 Konspekt
|9 8
|
| 080 |
|
|
|a 821.162.3-31
|2 MRF
|
| 080 |
|
|
|a 821.162.3-055.2
|2 MRF
|
| 080 |
|
|
|a 323.28
|2 MRF
|
| 080 |
|
|
|a 929
|2 MRF
|
| 080 |
|
|
|a (437)
|2 MRF
|
| 080 |
|
|
|a (0:82-312.6)
|2 MRF
|
| 100 |
1 |
|
|a Hudečková, Eva,
|d 1949-
|7 jn19990209279
|4 aut
|
| 245 |
1 |
0 |
|a Bezhlavá kobyla /
|c Eva Hudečková
|
| 250 |
|
|
|a 1. vyd.
|
| 260 |
|
|
|a Praha :
|b Kvarta,
|c 1992
|
| 300 |
|
|
|a 201 s.
|
| 600 |
1 |
7 |
|a Hudečková, Eva,
|d 1949-
|7 jn19990209279
|2 czenas
|
| 648 |
|
7 |
|a 1948-1968
|7 ch460677
|2 czenas
|
| 648 |
|
7 |
|a 20. století
|7 ch460558
|2 czenas
|
| 650 |
0 |
7 |
|a české spisovatelky
|7 ph128153
|y 20. století
|2 czenas
|
| 650 |
0 |
7 |
|a politická perzekuce
|7 ph124236
|z Československo
|y 1948-1968
|2 czenas
|
| 650 |
0 |
9 |
|a Czech women authors
|y 20th century
|2 eczenas
|
| 650 |
0 |
9 |
|a political persecution
|z Czechoslovakia
|y 1948-1968
|2 eczenas
|
| 655 |
|
7 |
|a české romány
|7 fd133974
|2 czenas
|
| 655 |
|
7 |
|a autobiografické romány
|7 fd131852
|2 czenas
|
| 655 |
|
9 |
|a Czech fiction
|2 eczenas
|
| 655 |
|
9 |
|a autobiographical novels
|2 eczenas
|
| 856 |
4 |
1 |
|u http://www.digitalniknihovna.cz/mzk/uuid/uuid:b8448a00-9c5c-11e2-9a08-005056827e52
|y Digitalizovaný dokument
|x NDK
|
| 910 |
|
|
|a BOA001
|b PK-0118.853
|
| 990 |
|
|
|a BK
|
| 996 |
6 |
|
|b 3119996384
|c PK-0118.853
|l MZK
|r Sklad / do 1 hodiny
|n 13
|w 000024814
|u 000010
|a 1
|e BOA001
|j MZK50
|s P
|